Land vs. Land #148 - Statistiken

Allgemein
  • Dieses Quiz wurde 9 mal gespielt
  • Das Durchschnittsergebnis liegt bei 12 aus 14
Antwortstatistiken
Frage Antwort % Korrekt
...Fläche? Mosambik🇲🇿
100%
...Bruttoinlandsprodukt pro Kopf? Israel🇮🇱
88%
...Tourismus? Israel🇮🇱
88%
...Gesundheitswesen? Israel🇮🇱
88%
...Lebenserwartung? Israel🇮🇱
88%
...durchschnittlicher IQ? Israel🇮🇱
88%
...Lebenserwartung? Israel🇮🇱
88%
...Gewinner? Israel🇮🇱
88%
...Einwohner? Mosambik🇲🇿
88%
...Bruttoinlandsprodukt? Israel🇮🇱
75%
...Militär? Israel🇮🇱
75%
...HDI (Human Development Index)? Israel🇮🇱
75%
...Frieden? Mosambik🇲🇿
75%
...Happy Planet Index? Israel🇮🇱
50%
Keine übereinstimmenden Quizze gefunden
Verteilung der Resultate
Anzahl Personen mit jedem Resultat
Perzentil nach korrekt beantworteten Fragen
Ihre Resultats-Entwicklung
Sie haben dieses Quiz noch nicht gespielt